[Event "Lloyds Bank Masters 9th"]
[Site "London, Park Lane Hotel"]
[Date "1985.08.27"]
[Round "7"]
[White "Watson, William N"]
[Black "Carr, Neil L"]
[Result "1-0"]
[WhiteElo "2435"]
[BlackElo "2315"]
[PlyCount "91"]
[EventDate "1985.08.21"]
[EventType "swiss"]
[EventRounds "9"]
[EventCountry "ENG"]
[Source "John Saunders"]
[SourceDate "2016.01.19"]

1. e4 d6 2. d4 Nf6 3. Nc3 g6 4. f4 Bg7 5. Nf3 c5 6. Bb5+ Bd7 7. e5 Ng4 8. h3
Bxb5 9. Nxb5 dxe5 10. hxg4 Qa5+ 11. c3 e4 12. Ng5 Qxb5 13. dxc5 Nd7 14. Qe2
Qxe2+ 15. Kxe2 Nf6 16. Be3 Nxg4 17. Nxe4 Nxe3 18. Kxe3 Rd8 19. Rad1 O-O 20. g4
h6 21. f5 Kh7 22. a4 Be5 23. b4 Kg7 24. c4 e6 25. fxe6 fxe6 26. Nd6 b6 27. Ke4
Bg3 28. Rh3 Bf4 29. Rhd3 bxc5 30. bxc5 g5 31. c6 Bxd6 32. Rxd6 Rf4+ 33. Ke5 Rc8
34. Rd7+ Kg6 35. R1d6 Rxg4 36. Rxe6+ Kh5 37. Kd5 Rg1 38. c7 Rb1 39. c5 g4 40.
Kc6 g3 41. Rg7 Rf1 42. Kb7 Rff8 43. Rxg3 Kh4 44. Rg1 h5 45. Re5 Kh3 46. Rh1+
1-0

[Event "Lloyds Bank Masters 9th"]
[Site "London, Park Lane Hotel"]
[Date "1985.08.28"]
[Round "8"]
[White "Flear, Glenn C"]
[Black "Ivell, Nicholas W"]
[Result "1-0"]
[WhiteElo "2475"]
[BlackElo "2350"]
[PlyCount "43"]
[EventDate "1985.08.21"]
[EventType "swiss"]
[EventRounds "9"]
[EventCountry "ENG"]
[Source "John Saunders"]
[SourceDate "2016.01.19"]

1. d4 Nf6 2. c4 e6 3. g3 e5 4. dxe5 Ng4 5. e4 Nxe5 6. f4 Ng6 7. Be3 Bb4+ 8. Nd2
Qe7 9. Bd3 b5 10. cxb5 Bb7 11. Qc2 f5 12. O-O-O fxe4 13. Nxe4 O-O 14. Nh3 a6
15. Nhg5 axb5 16. h4 h6 17. h5 Nh8 18. Bc5 Bxc5 19. Nxc5 hxg5 20. Bh7+ Kf7 21.
Rhe1 Qf6 22. Rxd7+ 1-0

[Event "Lloyds Bank Masters 9th"]
[Site "London, Park Lane Hotel"]
[Date "1985.08.28"]
[Round "8"]
[White "Hodgson, Julian M"]
[Black "McKay, Roderick M"]
[Result "1-0"]
[WhiteElo "2445"]
[BlackElo "2385"]
[PlyCount "101"]
[EventDate "1985.08.21"]
[EventType "swiss"]
[EventRounds "9"]
[EventCountry "ENG"]
[Source "John Saunders"]
[SourceDate "2016.01.19"]

1. d4 Nf6 2. Bg5 Ne4 3. Bh4 d5 4. Nd2 c5 5. dxc5 Qa5 6. Ngf3 Nc6 7. e3 e6 8.
Be2 Bxc5 9. O-O Nxd2 10. Nxd2 Be7 11. Bxe7 Nxe7 12. c4 O-O 13. Bf3 Rd8 14. cxd5
Nxd5 15. Nc4 Qb5 16. Qd4 Bd7 17. Rfd1 Be8 18. Rac1 Rd7 19. Ne5 Rdd8 20. Rc5 Qa6
21. e4 Nf6 22. Qxd8 Rxd8 23. Rxd8 Qxa2 24. Ng4 Qb1+ 25. Rd1 Qxb2 26. Rc8 Kf8
27. Nxf6 gxf6 28. g3 f5 29. exf5 Ke7 30. fxe6 fxe6 31. Rc7+ Kf6 32. Rxb7 Qc3
33. Bg2 Bh5 34. Rdb1 Bg6 35. R7b3 Qd2 36. Rf3+ Ke7 37. Ra1 a6 38. Rfa3 Bd3 39.
Bf1 Bb5 40. Bxb5 axb5 41. Rb3 h5 42. h4 Qe2 43. Rab1 Kf6 44. Rxb5 e5 45. R5b3
Qc2 46. Rf3+ Ke6 47. Re1 Qd2 48. Rfe3 Kf5 49. Rxe5+ Kg4 50. Kg2 Qd5+ 51. R1e4+
1-0

[Event "Lloyds Bank Masters 09th"]
[Site "London, Park Lane Hotel"]
[Date "1985.08.28"]
[Round "8"]
[White "Johansen, Darryl Keith"]
[Black "Mannion, Stephen R"]
[Result "1-0"]
[WhiteElo "2410"]
[BlackElo "2215"]
[PlyCount "113"]
[EventDate "1985.08.21"]
[EventType "swiss"]
[EventRounds "9"]
[EventCountry "ENG"]
[SourceTitle "DB Johansen 2"]
[Source "Johansen,D"]
[SourceDate "2012.09.29"]
[SourceVersion "1"]
[SourceVersionDate "2022.12.19"]
[SourceQuality "1"]

1. b3 d5 2. Bb2 Bf5 3. Nf3 e6 4. g3 Nf6 5. Bg2 h6 6. O-O Be7 7. c4 O-O 8. d3 c6
9. Nbd2 a5 10. a3 Bh7 11. Ra2 Na6 12. Qa1 Nc5 13. Bc3 Qb6 14. Rb1 Qa7 15. Bd4
Qa6 16. Rc2 Ncd7 17. Ne5 Nxe5 18. Bxe5 Rfd8 19. Qb2 Qa7 20. Nf3 Ng4 21. Bd4 Bc5
22. cxd5 Bxd4 23. Qxd4 Qxd4 24. Nxd4 exd5 25. Bh3 Ne5 26. Rbc1 g5 27. f3 Ra6
28. Rc3 Rda8 29. Kf2 Rb6 30. f4 Ng6 31. Kf3 f6 32. Bf5 Ne7 33. Be6+ Kg7 34. h4
Bg6 35. Rh1 Rf8 36. f5 Bh5+ 37. g4 Be8 38. Rcc1 Ra6 39. Rh2 b6 40. hxg5 fxg5
41. e4 c5 42. Bxd5 cxd4 43. Rc7 Kf6 44. Rxh6+ Ng6 45. Rxg6+ Bxg6 46. Rc6+ Ke7
47. Rxg6 Rh8 48. e5 Kf8 49. Ke4 Ra7 50. f6 Rah7 51. Rxg5 b5 52. e6 b4 53. axb4
axb4 54. Kxd4 Rh3 55. e7+ Ke8 56. Rg8+ Rxg8 57. f7+ {Source: Darryl Johansen.
Contributed by Paul Summers, 15 February 2023.} 1-0

[Event "Lloyds Bank Masters 9th"]
[Site "London, Park Lane Hotel"]
[Date "1985.08.28"]
[Round "8"]
[White "Mestel, A Jonathan"]
[Black "Howell, James C"]
[Result "1-0"]
[WhiteElo "2535"]
[BlackElo "2270"]
[PlyCount "93"]
[EventDate "1985.08.21"]
[EventType "swiss"]
[EventRounds "9"]
[EventCountry "ENG"]
[Source "John Saunders"]
[SourceDate "2016.01.19"]

1. d4 Nf6 2. c4 g6 3. Nc3 Bg7 4. e4 O-O 5. Bg5 d6 6. Qd2 a6 7. Be2 c6 8. a4 a5
9. f4 Ne8 10. Nf3 Bg4 11. O-O Nc7 12. Bh4 Ne6 13. Bf2 Qb6 14. e5 Na6 15. h3
Bxf3 16. Bxf3 Rad8 17. d5 Nec5 18. Qe2 Nb4 19. Rad1 Qc7 20. Rfe1 Nd7 21. Bh4
dxe5 22. Bxe7 exf4 23. Ne4 cxd5 24. cxd5 Rfe8 25. Bxd8 Qxd8 26. d6 Kh8 27. Qb5
Nc2 28. Ng5 Bd4+ 29. Kh2 Kg7 30. Rxe8 Qxe8 31. Bxb7 Bf2 32. Bc6 Qe3 33. Bxd7
Qg3+ 34. Kh1 Ne3 35. Qe5+ f6 36. Qe7+ Kh6 37. Qxh7+ Kxg5 38. b4 Qh4 39. Qxh4+
Kxh4 40. Rd3 Nf1 41. g4 fxg3 42. Bc6 Bb6 43. d7 Bd8 44. Kg2 Nh2 45. Rd4+ Kg5
46. Kxg3 Nf1+ 47. Kf2 1-0

[Event "Lloyds Bank Masters 9th"]
[Site "London, Park Lane Hotel"]
[Date "1985.08.28"]
[Round "8"]
[White "Morovic Fernandez, Ivan"]
[Black "Berg, Klaus"]
[Result "1-0"]
[WhiteElo "2470"]
[BlackElo "2350"]
[PlyCount "65"]
[EventDate "1985.08.21"]
[EventType "swiss"]
[EventRounds "9"]
[EventCountry "ENG"]
[Source "John Saunders"]
[SourceDate "2016.01.19"]

1. d4 Nf6 2. Nf3 c5 3. d5 g6 4. g3 d6 5. Bg2 b5 6. O-O Bb7 7. c4 bxc4 8. Nc3
Nbd7 9. Nd2 Nb6 10. Nxc4 Nxc4 11. Qa4+ Qd7 12. Qxc4 Bg7 13. e4 O-O 14. e5 dxe5
15. Qxc5 Rfd8 16. Rd1 Ne8 17. Qa5 Nd6 18. Na4 e4 19. Nc5 Qf5 20. Qe1 Bxd5 21.
g4 Qxg4 22. Rxd5 f5 23. h3 Qh4 24. Ne6 Rd7 25. Bg5 Qh5 26. Bxe7 Rxe7 27. Nxg7
Kxg7 28. Rxd6 f4 29. Qc3+ Kh6 30. Qf6 f3 31. Qxe7 Re8 32. Qxe8 Qg5 33. Rxg6+
1-0

[Event "Lloyds Bank Masters 9th"]
[Site "London, Park Lane Hotel"]
[Date "1985.08.28"]
[Round "8"]
[White "Nicholson, John G"]
[Black "Ravikumar, Vaidyanathan"]
[Result "1-0"]
[WhiteElo "2315"]
[BlackElo "2370"]
[PlyCount "79"]
[EventDate "1985.08.21"]
[EventType "swiss"]
[EventRounds "9"]
[EventCountry "ENG"]
[Source "John Saunders"]
[SourceDate "2016.01.19"]

1. e4 c6 2. d4 d5 3. Nd2 dxe4 4. Nxe4 Nf6 5. Nxf6+ gxf6 6. c3 Qc7 7. g3 Bf5 8.
Bg2 Nd7 9. Nf3 O-O-O 10. O-O e6 11. Re1 Kb8 12. Qe2 Bd6 13. c4 c5 14. Be3 Bg6
15. b4 cxb4 16. c5 Be7 17. Bf4 e5 18. dxe5 Nxc5 19. Rac1 Qb6 20. exf6+ Bd6 21.
Ne5 Ne6 22. Be3 Qa5 23. Qf3 Qb5 24. a4 bxa3 25. Nxg6 hxg6 26. Rb1 Bb4 27. Bf4+
Ka8 28. Qxb7+ Qxb7 29. Bxb7+ Kxb7 30. Rxb4+ Ka8 31. Be3 Rd3 32. Ra4 Rhd8 33.
Rxa7+ Kb8 34. Rb1+ Kc8 35. Rc1+ Kb8 36. Rb1+ Kc8 37. Kg2 R8d7 38. Ra8+ Kc7 39.
Ra1 Rxe3 40. Ra7+ 1-0

[Event "Lloyds Bank Masters 9th"]
[Site "London, Park Lane Hotel"]
[Date "1985.08.28"]
[Round "8"]
[White "Norwood, David"]
[Black "Ahmels, Volker"]
[Result "1-0"]
[WhiteElo "2445"]
[BlackElo "2270"]
[PlyCount "96"]
[EventDate "1985.08.21"]
[EventType "swiss"]
[EventRounds "9"]
[EventCountry "ENG"]
[Source "John Saunders"]
[SourceDate "2016.01.19"]

1. g3 d5 2. Bg2 Nf6 3. Nf3 Bf5 4. d3 h6 5. O-O c6 6. Nbd2 Bh7 7. Qe1 e6 8. e4
Be7 9. Qe2 O-O 10. Kh1 Na6 11. e5 Nd7 12. Rg1 Nc7 13. Bh3 Nc5 14. g4 Bg6 15.
Nd4 Bg5 16. N2f3 Bxc1 17. Raxc1 Nb5 18. Nxb5 cxb5 19. g5 h5 20. Nh4 Qe7 21. f4
Rac8 22. Rcf1 Rc6 23. Bg2 Rd8 24. d4 Na4 25. Nxg6 fxg6 26. Qxb5 Rc4 27. c3 a6
28. Qb3 b5 29. Rf3 Nb6 30. Bf1 Nc8 31. Bxc4 dxc4 32. Qc2 Qb7 33. Kg2 Ne7 34.
Kf2 Nf5 35. b3 Rxd4 36. cxd4 Qxf3+ 37. Kxf3 Nxd4+ 38. Ke4 Nxc2 39. bxc4 bxc4
40. Rc1 Na3 41. Rc3 Nb1 42. Rxc4 Nd2+ 43. Kd3 Nxc4 44. Kxc4 Kf7 45. Kc5 Ke7 46.
Kc6 h4 47. h3 Ke8 48. Kd6 Kf7 1-0

[Event "Lloyds Bank Masters 9th"]
[Site "London, Park Lane Hotel"]
[Date "1985.08.28"]
[Round "8"]
[White "Thipsay, Praveen Mahadeo"]
[Black "Bradbury, Neil H"]
[Result "1-0"]
[WhiteElo "2495"]
[BlackElo "2335"]
[PlyCount "97"]
[EventDate "1985.08.21"]
[EventType "swiss"]
[EventRounds "9"]
[EventCountry "ENG"]
[Source "John Saunders"]
[SourceDate "2016.01.19"]

1. e4 e5 2. Nf3 Nc6 3. Bb5 a6 4. Ba4 Nf6 5. O-O Be7 6. Re1 b5 7. Bb3 d6 8. c3
O-O 9. h3 Nb8 10. d4 Nbd7 11. Nbd2 Bb7 12. Bc2 Re8 13. Nf1 Bf8 14. dxe5 dxe5
15. Bg5 h6 16. Bh4 c5 17. N3h2 Qb6 18. Qf3 Qe6 19. Ne3 Rac8 20. Red1 Nh7 21.
Nd5 c4 22. Ng4 Nc5 23. Rd2 Qg6 24. Rad1 Ng5 25. Bxg5 Qxg5 26. Nge3 Ne6 27. g3
Bc5 28. h4 Qg6 29. Nf5 Nf4 30. Kh2 Bxd5 31. exd5 Nd3 32. Bxd3 cxd3 33. Qe4 Bf8
34. f3 Rc4 35. Qxd3 e4 36. fxe4 Rcxe4 37. Qf3 Bd6 38. Rf1 Kh8 39. Kg2 Bc5 40.
d6 R4e6 41. Ne7 Qf6 42. Qxf6 gxf6 43. d7 Rd8 44. Nf5 h5 45. Rd5 Bb6 46. Kf3 Kh7
47. Rfd1 Kg6 48. Nd4 Bxd4 49. R1xd4 1-0

[Event "Lloyds Bank Masters 9th"]
[Site "London, Park Lane Hotel"]
[Date "1985.08.28"]
[Round "8"]
[White "Lalic, Susan Kathryn"]
[Black "Cooley, Christopher Martin"]
[Result "1/2-1/2"]
[WhiteElo "2050"]
[BlackElo "2280"]
[PlyCount "140"]
[EventDate "1985.08.21"]
[EventType "swiss"]
[EventRounds "9"]
[EventCountry "ENG"]
[Source "John Saunders"]
[SourceDate "2016.01.19"]

1. e4 c6 2. d4 d5 3. Nd2 dxe4 4. Nxe4 Nd7 5. Nf3 Ngf6 6. Nxf6+ Nxf6 7. Ne5 Be6
8. Be2 g6 9. O-O Bg7 10. c4 O-O 11. Be3 Qc7 12. h3 Rfd8 13. Qa4 Ne4 14. Qc2 Nd6
15. g4 c5 16. dxc5 Bxe5 17. cxd6 Bxd6 18. b3 Bh2+ 19. Kg2 Bf4 20. Qe4 Bxe3 21.
Qxe3 Qa5 22. a3 Rd7 23. b4 Qa4 24. Rfd1 Rad8 25. Qf3 Qc2 26. Rac1 Qb2 27. Rxd7
Bxd7 28. Qe3 Bc6+ 29. Bf3 Bxf3+ 30. Kxf3 Rd2 31. Rf1 e5 32. Qxa7 Rd3+ 33. Kg2
Rxa3 34. Qxb7 Qc3 35. Rh1 Qd4 36. Re1 f6 37. Rb1 Qc3 38. Qd5+ Kg7 39. Rh1 h5
40. gxh5 gxh5 41. Qd7+ Kg6 42. Qe8+ Kg7 43. Qd7+ Kh6 44. Qf5 Kg7 45. Qd7+ Kh6
46. Qf5 e4 47. Qf4+ Kg7 48. Qxe4 Qxb4 49. Rd1 Ra7 50. Rd3 Qb7 51. Qxb7+ Rxb7
52. Rc3 Kf8 53. Kg3 Rg7+ 54. Kf3 Ke7 55. Rd3 Ke6 56. Ke4 Rg2 57. Rf3 Rg1 58. c5
Ra1 59. Rc3 Ra4+ 60. Ke3 Kd7 61. c6+ Kc7 62. f4 f5 63. h4 Re4+ 64. Kf3 Ra4 65.
Rc5 Ra3+ 66. Kf2 Rh3 67. Rxf5 Rxh4 68. Rf6 Rh3 69. Rh6 Rc3 70. Rxh5 Kxc6
1/2-1/2

[Event "Lloyds Bank Masters 9th"]
[Site "London, Park Lane Hotel"]
[Date "1985.08.29"]
[Round "9"]
[White "Bowden, Karl"]
[Black "Norwood, David"]
[Result "1/2-1/2"]
[WhiteElo "2250"]
[BlackElo "2445"]
[PlyCount "40"]
[EventDate "1985.08.21"]
[EventType "swiss"]
[EventRounds "9"]
[EventCountry "ENG"]
[Source "John Saunders"]
[SourceDate "2016.01.19"]

1. e4 g6 2. d4 Bg7 3. c3 d6 4. f4 Nf6 5. Bd3 O-O 6. Nf3 c5 7. dxc5 dxc5 8. e5
Nd5 9. Be4 e6 10. Na3 Nc6 11. O-O f6 12. exf6 Bxf6 13. Nc4 b5 14. Ne3 Nce7 15.
Ng4 Bg7 16. Qe2 Qb6 17. Nge5 a5 18. a4 bxa4 19. c4 Ba6 20. Nd7 Qd6 1/2-1/2

[Event "Lloyds Bank Masters 9th"]
[Site "London, Park Lane Hotel"]
[Date "1985.08.29"]
[Round "9"]
[White "Mestel, A Jonathan"]
[Black "Crawley, Gavin"]
[Result "1-0"]
[WhiteElo "2535"]
[BlackElo "2285"]
[PlyCount "81"]
[EventDate "1985.08.21"]
[EventType "swiss"]
[EventRounds "9"]
[EventCountry "ENG"]
[Source "John Saunders"]
[SourceDate "2016.01.19"]

1. e4 e5 2. Nf3 Nc6 3. Bb5 a6 4. Ba4 Nf6 5. O-O Be7 6. Re1 b5 7. Bb3 O-O 8. a4
Bb7 9. d3 d6 10. Nc3 b4 11. Ne2 Nd7 12. a5 Bf6 13. c3 Rb8 14. Be3 bxc3 15. bxc3
Ne7 16. Ng3 g6 17. d4 Bg7 18. Ba4 c6 19. Qd2 Bc8 20. dxe5 Nxe5 21. Nxe5 Bxe5
22. Ba7 Rb7 23. Bb6 Rxb6 24. axb6 Qxb6 25. Qg5 f6 26. Qh6 Be6 27. Rab1 Qc7 28.
Bb3 d5 29. Ne2 Bf7 30. Red1 dxe4 31. Bxf7+ Rxf7 32. Rb7 Qc8 33. Rbd7 Bc7 34.
Qh4 Bb6 35. Qxe4 Nd5 36. Rxf7 Kxf7 37. Nf4 Qg4 38. Rxd5 cxd5 39. Qxd5+ Kg7 40.
Ne6+ Kh6 41. Qd7 1-0

[Event "Lloyds Bank Masters 9th"]
[Site "London, Park Lane Hotel"]
[Date "1985.08.29"]
[Round "9"]
[White "Sorensen, Henrik"]
[Black "Graf, Juergen"]
[Result "0-1"]
[WhiteElo "2235"]
[BlackElo "2355"]
[PlyCount "116"]
[EventDate "1985.08.21"]
[EventType "swiss"]
[EventRounds "9"]
[EventCountry "ENG"]
[Source "John Saunders"]
[SourceDate "2016.01.19"]

1. d4 Nf6 2. Nf3 g6 3. Bg5 Bg7 4. Nbd2 d5 5. e3 O-O 6. Bd3 c5 7. c3 Nbd7 8. O-O
Re8 9. Re1 Qb6 10. b4 cxd4 11. exd4 Nf8 12. Qb3 Be6 13. Rad1 a5 14. b5 h6 15.
Bh4 Rac8 16. c4 dxc4 17. Bxc4 Red8 18. Bxe6 Nxe6 19. Nc4 Qa7 20. Nce5 a4 21.
Qb2 g5 22. Bg3 Qb6 23. h3 Rd5 24. Qb4 Rxb5 25. Qxe7 Rc7 26. Qa3 Nd5 27. Qxa4
Qa5 28. Qxa5 Rxa5 29. Rb1 b5 30. Rb2 b4 31. Nd3 Rc4 32. Bd6 Nxd4 33. Nfe5 Rc2
34. Rxc2 Nxc2 35. Rb1 Rxa2 36. Nc6 Ra6 37. Ncxb4 Ncxb4 38. Nxb4 Nxb4 39. Bxb4
Rb6 40. Rb3 Kh7 41. g3 Bf8 42. Bxf8 Rxb3 43. Bc5 h5 44. Kg2 Kg6 45. Be7 Kf5 46.
Bd8 Rd3 47. Be7 Rd7 48. Bc5 Ke4 49. Be3 Rd5 50. Bc1 Kf5 51. Be3 Rd3 52. Bc1 f6
53. Bb2 Kg6 54. Bc1 f5 55. Bb2 f4 56. gxf4 gxf4 57. Be5 Kf5 58. Bc7 Ke4 0-1

[Event "Lloyds Bank Masters 9th"]
[Site "London, Park Lane Hotel"]
[Date "1985.08.29"]
[Round "9"]
[White "Lalic, Susan Kathryn"]
[Black "Anagnostopoulos, Dimitrios"]
[Result "1/2-1/2"]
[WhiteElo "2050"]
[BlackElo "2275"]
[PlyCount "29"]
[EventDate "1985.08.21"]
[EventType "swiss"]
[EventRounds "9"]
[EventCountry "ENG"]
[Source "John Saunders"]
[SourceDate "2016.01.19"]

1. e4 c6 2. d4 d5 3. Nd2 dxe4 4. Nxe4 Nf6 5. Nxf6+ gxf6 6. Be2 Qc7 7. c4 Rg8 8.
Bf3 Bf5 9. Ne2 Nd7 10. Ng3 Bg6 11. O-O O-O-O 12. Qa4 Kb8 13. Rd1 e6 14. h4 f5
15. Qb3 1/2-1/2